000 01340nam a2200361 i 4500
003 OSt
005 20260120173452.0
008 260118s2020 my bo gr f000 0 may d
020 _a9789670372280
_qpaperback
_cRM52.00
040 _aPPAK
_beng
_cPPAK
_erda
041 _amay
_aeng
082 0 4 _a784.19595
_223
090 0 0 _a784.19595
_bKOL
_dR
245 0 0 _aKoleksi Terpilih Gambus Serantau =
_bRegional Gambus : A Selected Collections /
_cKetua Editor/Chief Editor: Mohd Azmi bin Mohd Yusof
246 3 1 _aRegional gambus :
_ba selected collections
264 1 _aKuala Lumpur, Malaysia :
_bJabatan Muzium Malaysia
_c2020
300 _a114 pages :
_bcolour maps, colour photographs ;
_c26 cm
336 _atext
_2rdacontent
336 _astill image
_2rdacontent
337 _aunmediated
_2rdamedia
338 _avolume
_2rdacarrier
504 _aIncludes bibliographical references.
546 _aText parallel in Malay and English
583 _aRetained
_f“This book must not be disposed of.”
650 1 0 _aMusical instruments
650 2 0 _aFolk music
650 2 0 _aStringed instruments
_zMalaysia
650 2 4 _aGambus
650 2 0 _aGovernment publications
_zMalaysia
700 0 _aMohd. Azmi Mohd. Yusof,
_eeditor.
720 2 _aJabatan Muzium Malaysia,
_eissuing body.
942 _2ddc
_cB
999 _c202777
_d202777